LIBRARY & INFORMATION CENTRE, KCAET, TAVANUR

ONLINE PUBLIC ACCESS CATALOGUE (OPAC)

Kerala panineeyam: Malayala vyakaranam / (Record no. 5986)

MARC details
000 -LEADER
fixed length control field 00458cam a2200169ua 4500
041 ## - LANGUAGE CODE
Language code of text/sound track or separate title mal
082 ## - DEWEY DECIMAL CLASSIFICATION NUMBER
Classification number 415
Item number RAJ/KE
100 ## - MAIN ENTRY--AUTHOR NAME
Personal name Raja Raja Varma, A R .
245 ## - TITLE STATEMENT
Title Kerala panineeyam: Malayala vyakaranam /
260 ## - PUBLICATION, DISTRIBUTION, ETC. (IMPRINT)
Place of publication Thiruvananthapuram :
Name of publisher B V Book Depot & Printing Works ,
Year of publication 1966.
300 ## - PHYSICAL DESCRIPTION
Number of Pages 381 ; .
942 ## - ADDED ENTRY ELEMENTS (KOHA)
Koha item type Books
Holdings
Withdrawn status Lost status Damaged status Home library Current library Date acquired Full call number Accession Number Koha item type Public note
Withdrawn     KAUAET Malayalam University 07/04/2012 415 8883 Books Transferred to Malayalam University
free website counter